Global harmonisation of whole life carbon assessments (Record no. 121819)
[ view plain ]
| 000 -LEADER | |
|---|---|
| fixed length control field | 01289cam a22002295a 4500 |
| 008 - FIXED-LENGTH DATA ELEMENTS--GENERAL INFORMATION | |
| fixed length control field | 240305e20240301xxk fo 000 0 eng d |
| 041 0# - LANGUAGE CODE | |
| Language code of text/sound track or separate title | eng |
| 110 2# - MAIN ENTRY--CORPORATE NAME | |
| Corporate author | Royal Institution of Chartered Surveyors |
| 245 00 - TITLE STATEMENT | |
| Title | Global harmonisation of whole life carbon assessments |
| Medium | [electronic resource] |
| 260 ## - PUBLICATION INFORMATION | |
| Place of publication | London, |
| Publisher | RICS, |
| Date | 1 March 2024 |
| 300 ## - PHYSICAL DESCRIPTION | |
| Physical description | 17p |
| 500 ## - GENERAL NOTE | |
| General note | Supports Whole life carbon assessment for the built environment Professional Statement ISBN 9781783215034 |
| 520 ## - ABSTRACT | |
| Abstract | The RICS global harmonisation framework on WLCA details how the RICS whole life carbon assessment in the built environment standard, as the most consistent and comprehensive methodology developed to assess emissions over the asset’s life cycle, can achieve the needed harmonisation. |
| 650 24 - KEYWORDS | |
| Keywords | CARBON EMISSIONS |
| 650 24 - KEYWORDS | |
| Keywords | EN 15978 |
| 650 24 - KEYWORDS | |
| Keywords | WHOLE LIFE APPRAISAL |
| 651 #4 - SUBJECT ADDED ENTRY--GEOGRAPHIC NAME | |
| Geographic name | International |
| 690 ## - BROAD SUBJECT | |
| Broad subject | Quantity surveying |
| 9 (RLIN) | 6263 |
| 856 41 - ONLINE RESOURCE | |
| Uniform Resource Identifier | <a href="https://www.rics.org/content/dam/ricsglobal/documents/standards/WLCA-harmonisation-guide.pdf">https://www.rics.org/content/dam/ricsglobal/documents/standards/WLCA-harmonisation-guide.pdf</a> |
| Public note | Client Guide available on RICS.org |
| 856 41 - ONLINE RESOURCE | |
| Uniform Resource Identifier | <a href="https://www.rics.org/profession-standards/rics-standards-and-guidance/sector-standards/construction-standards/whole-life-carbon-assessment">https://www.rics.org/profession-standards/rics-standards-and-guidance/sector-standards/construction-standards/whole-life-carbon-assessment</a> |
| Public note | Visit RICS WLCA resource page |
| 942 ## - ADDED ENTRY ELEMENTS (KOHA) | |
| Suppress in OPAC | Do not suppress in OPAC |
| Lost status | Damaged status | Not for loan | Home library | Current library | Shelving location | Date acquired | Total Checkouts | Date last seen | Price effective from | Koha item type |
|---|---|---|---|---|---|---|---|---|---|---|
| Virtual | Virtual | Online | 05/03/2024 | 05/03/2024 | 05/03/2024 | Online material |